| 000 | 00922nam0a22002531 4500 | ||
|---|---|---|---|
| 001 | rc\2849050 | ||
| 005 | 20250529204159.0 | ||
| 035 | _a(NLR Aleph) 007004354 | ||
| 090 |
_a5752713 _c5752713 |
||
| 100 | _a20110704d1928 |||y0rusy50 ca | ||
| 101 | 0 | _arus | |
| 102 | _aRU | ||
| 105 | _ay z ||||| | ||
| 200 | 1 |
_aНеврологическое направление в психиатрии _e[Опыт методол. исслед.] |
|
| 210 |
_aХарьков _cНауч. Мысль _d1928 |
||
| 215 |
_a10 с. _d21 см |
||
| 300 | _aОтд. отт. из № 22 "Врачеб. дело", науч. мед. журн. | ||
| 700 | 1 |
_7ca _8rus _aПопов _bЕ. А. _cд-р мед. наук, психиатр _f1899-1961 _gЕвгений Алексеевич _9266598 _3RU\NLR\AUTH\770266654 |
|
| 801 | 0 |
_aRU _bNLR _gpsbo |
|
| 801 | 1 |
_aRU _bELAR _2rusmarc |
|
| 852 |
_aNLR _j80-6/822 |
||
| 942 | _cBOOK | ||
| 980 | _aNB | ||